000
00335 a2200157 4500
001
179875
020
_a
040
_c
Magnum
100
_a
Lemarie, Joseph
240
1
0
_a
A manifestacao do senhor
_l
por
245
1
0
_a
A manifestacao do senhor
362
0
_a
1899
440
1
_a
Paulinas
697
_a
MAGNITO: RELIGIAO
942
_c
BK
999
_c
179875
_d
179875